[Event "POL-chT 2nd League"]
[Site "Jastrzebia Gora"]
[Date "2023.09.07"]
[Round "6.100"]
[White "Chmura, Eryk"]
[Black "Wozniak, Marcin2222"]
[Result "1/2-1/2"]
[WhiteElo "1752"]
[BlackElo "1817"]
[PlyCount "41"]
[EventDate "2023.09.02"]
[EventType "team-swiss"]
[EventRounds "9"]
[EventCountry "POL"]
[SourceTitle "EXT 2024"]
[Source "ChessBase"]
[SourceDate "2023.10.10"]
[SourceVersion "1"]
[SourceVersionDate "2023.10.10"]
[SourceQuality "1"]
[WhiteTeam "Gdynia MDK"]
[BlackTeam "Rzeszow Szachownica"]
[WhiteTeamCountry "POL"]
[BlackTeamCountry "POL"]

1. e4 e5 2. Nf3 Nc6 3. Bc4 Nf6 4. d3 Bc5 5. c3 d6 6. 0-0 Bb6 7. Re1 Qe7 8. h3 h6 9. b4 g5 10. Nh2 Nxb4 11. Nd2 Nc6 12. Ndf1 Bd7 13. Be3 Na5 14. Bb3 Nxb3 15. axb3 Bxe3 16. Nxe3 a6 17. Nhf1 0-0-0 18. b4 Rdg8 19. c4 g4 20. h4 Nh5 21. g3 1/2-1/2

[Event "POL-ch U15 Qual"]
[Site "Jastrzebia Gora"]
[Date "2021.11.18"]
[Round "6"]
[White "Chmura, Eryk"]
[Black "Nowak, Filip"]
[Result "0-1"]
[WhiteElo "1343"]
[BlackElo "1757"]
[PlyCount "112"]
[EventDate "2021.11.15"]
[EventType "swiss"]
[EventRounds "9"]
[EventCountry "POL"]
[SourceTitle "EXT 2023"]
[Source "ChessBase"]
[SourceDate "2022.10.05"]
[SourceVersion "1"]
[SourceVersionDate "2022.10.05"]
[SourceQuality "1"]

1. e4 c5 2. c3 Nf6 3. e5 Nd5 4. d4 cxd4 5. cxd4 d6 6. Nf3 Nc6 7. Bc4 Nb6 8. Bb5 dxe5 9. Nxe5 Bd7 10. Nxd7 Qxd7 11. Be3 e6 12. Nc3 Be7 13. Qd2 a6 14. Be2 0-0 15. 0-0 Nb4 16. Bf3 N4d5 17. Nxd5 Nxd5 18. Rac1 Rfd8 19. Rfd1 Qb5 20. a3 Rd7 21. Rc2 Rad8 22. Rdc1 Qb6 23. Rc8 Rxc8 24. Rxc8+ Rd8 25. Rxd8+ Qxd8 26. Bxd5 Qxd5 27. Qc3 h6 28. h3 f6 29. Qc2 Kf7 30. Qc3 Bd8 31. Qc2 Bb6 32. Qc3 Qc6 33. Qd3 Qb5 34. Qc2 Qf5 35. Qc8 Qd5 36. Qc3 Qe4 37. Qc8 Qc6 38. Qxc6 bxc6 39. d5 Bxe3 40. dxe6+ Kxe6 41. fxe3 Kd5 42. Kf2 Kc4 43. Kf3 Kb3 44. Kf4 Kxb2 45. Kf5 c5 46. Kg6 c4 47. Kxg7 c3 48. Kxf6 c2 49. e4 c1Q 50. e5 Qg5+ 51. Ke6 Qxg2 52. Kf7 Qxh3 53. e6 Kxa3 54. e7 Qh5+ 55. Kf8 a5 56. e8Q Qxe8+ 0-1

[Event "POL-ch U15 Qual"]
[Site "Jastrzebia Gora"]
[Date "2021.11.16"]
[Round "2"]
[White "Gbiorczyk, Mikolaj"]
[Black "Chmura, Eryk"]
[Result "1-0"]
[WhiteElo "1487"]
[BlackElo "1343"]
[PlyCount "87"]
[EventDate "2021.11.15"]
[EventType "swiss"]
[EventRounds "9"]
[EventCountry "POL"]
[SourceTitle "EXT 2023"]
[Source "ChessBase"]
[SourceDate "2022.10.05"]
[SourceVersion "1"]
[SourceVersionDate "2022.10.05"]
[SourceQuality "1"]

1. e4 c5 2. Nf3 g6 3. d4 cxd4 4. Qxd4 Nf6 5. Nc3 Nc6 6. Qa4 d6 7. e5 dxe5 8. Nxe5 Qd4 9. Nxc6 Qxa4 10. Nxa4 bxc6 11. Be3 Bg7 12. 0-0-0 0-0 13. Be2 Bf5 14. c4 Nd7 15. g4 Be6 16. b3 Rfc8 17. Nc5 Nxc5 18. Bxc5 Rc7 19. f4 a5 20. Kc2 f5 21. g5 Kf7 22. Rhe1 h6 23. h4 hxg5 24. hxg5 a4 25. b4 Rh8 26. Rh1 Rcc8 27. a3 Rcd8 28. Rde1 Rxh1 29. Rxh1 Rh8 30. Rxh8 Bxh8 31. Be3 Ke8 32. Bd2 Bd4 33. Bc1 Kd7 34. Kd3 Ba1 35. Bd1 Kc7 36. Bxa4 Kb6 37. Be3+ Kc7 38. Bd4 Bxd4 39. Kxd4 Kd6 40. Bd1 Bc8 41. c5+ Kc7 42. Bb3 Kb7 43. Bf7 Ka6 44. a4 1-0